Football clubs with most domestic titles in UEFA - Statistics

General Stats
  • This quiz has been taken 9 times
  • The average score is 24 of 59
Answer Stats
Country Titles Club % Correct
England 13 Manchester United
100%
Germany 31 Bayern Munich
86%
Italy 36 Juventus
86%
France 10 Paris Saint-Germain
86%
Czech Republic 12 Sparta Prague
86%
Netherlands 36 Ajax
71%
Belgium 34 Anderlecht
71%
Scotland 8 Celtic
71%
Denmark 14 Copenhagen
71%
Croatia 23 Dinamo Zagreb
71%
Hungary 33 Ferencváros
71%
Greece 47 Olympiacos
71%
Austria 32 Rapid Wien
71%
Cyprus 28 APOEL
57%
Belarus 15 BATE Borisov
57%
Portugal 37 Benfica
57%
Serbia 8 Crvena Zvezda
57%
Bulgaria 31 CSKA Sofia
57%
Georgia 18 Dinamo Tbilisi
57%
Turkey 22 Galatasaray
57%
Finland 31 HJK
57%
Serbia 8 Partizan
57%
Spain 35 Real Madrid
57%
Ukraine 16 Dynamo Kyiv
43%
Romania 26 FCSB
43%
Switzerland 27 Grasshopper
43%
Poland 15 Legia Warsaw
43%
Israel 24 Maccabi Tel Aviv
43%
Slovenia 16 Maribor
43%
Azerbaijan 9 Qarabağ
43%
France 10 Saint-Étienne
43%
Russia 10 Spartak Moscow
43%
Kazakhstan 6 Astana
29%
Gibraltar 2 Lincoln Red Imps
29%
Northern Ireland 8 Linfield
29%
Sweden 25 Malmö
29%
Norway 26 Rosenborg
29%
Moldova 20 Sheriff
29%
Slovakia 12 Slovan Bratislava
29%
Lithuania 9 Žalgiris
29%
Bosnia & Herzegovina 7 Zrinjski Mostar
29%
Montenegro 5 Budućnost
14%
Ireland 8 Dundalk
14%
Andorra 13 FC Santa Coloma
14%
Estonia 13 Flora
14%
Azerbaijan 9 Neftçi
14%
Armenia 15 Pyunik
14%
Latvia 15 Skonto
14%
Wales 14 The New Saints
14%
Albania 26 Tirana
14%
North Macedonia 11 Vardar
14%
Malta 26 Floriana
0%
Faroe Islands 24 HB
0%
Luxembourg 28 Jeunesse Esch
0%
Iceland 27 KR
0%
Kosovo 11 Prishtina
0%
Malta 26 Sliema Wanderers
0%
Montenegro 5 Sutjeska
0%
San Marino 8 Tre Fiori
0%
No matching quizzes found
Score Distribution
Percent of People with Each Score
Percentile by Number Answered
Your Score History
You have not taken this quiz